Thuyết Đường; T1

Αποθηκεύτηκε σε:
Λεπτομέρειες βιβλιογραφικής εγγραφής
Κύριος συγγραφέας: Thuyết Đường; T1
Μορφή: Βιβλίο
Γλώσσα:Undetermined
Έκδοση: Đồng Tháp Nxb. Tổng hợp Đồng Tháp 1990
Θέματα:
Ετικέτες: Προσθήκη ετικέτας
Δεν υπάρχουν, Καταχωρήστε ετικέτα πρώτοι!
Thư viện lưu trữ: Trung tâm Học liệu Trường Đại học Cần Thơ
LEADER 00517nam a2200169Ia 4500
001 CTU_8297
008 210402s9999 xx 000 0 und d
082 |a 895.13 
082 |b Th528/T1 
100 |a Thuyết Đường; T1 
245 0 |a Thuyết Đường; T1 
245 0 |c Thuyết Đường; T1, La Thần 
260 |a Đồng Tháp 
260 |b Nxb. Tổng hợp Đồng Tháp 
260 |c 1990 
650 |a chinese fiction 
980 |a Trung tâm Học liệu Trường Đại học Cần Thơ